Use of land information system VÚPOP Bratislava for the subsidy policy in agriculture

Moderný informačný systém o pôde a GIS vo VÚPOP Bratislava. Pedologický informačný systém je udržovaný Ústavom pre výskum a ochranu pôdy. Prepojenie pedologického informačného systému so systémami iných inštitúcií. GIS prichádza s bohatým obsahom informácií od mnohých inštitúcií a z toho pramení sna...

ver descrição completa

Na minha lista:
Detalhes bibliográficos
Autor principal: Ilavská, Blanka
Outros Autores: Lazúr, R.
Formato: Capítulo de Livro
Idioma:inglês
Assuntos:
Tags: Adicionar Tag
Sem tags, seja o primeiro a adicionar uma tag!

MARC

LEADER 00000naa a2200000 4500
001 r042776
005 20231004091007.1
041 0 |a eng 
044 |a CZ 
245 1 0 |a Use of land information system VÚPOP Bratislava for the subsidy policy in agriculture  |c Blanka Ilavská, R. Lazúr 
520 |a Moderný informačný systém o pôde a GIS vo VÚPOP Bratislava. Pedologický informačný systém je udržovaný Ústavom pre výskum a ochranu pôdy. Prepojenie pedologického informačného systému so systémami iných inštitúcií. GIS prichádza s bohatým obsahom informácií od mnohých inštitúcií a z toho pramení snaha po metodologickom zjednotení obsahu a terminológie. Využitie dát o pôde poslúži ako významná súčasť ďalších mnohých aplikácií v prípade podpornej a dotačnej politiky poľnohospodárstva SR. 
610 2 0 |a systémy informačné 
610 2 0 |a systémy informačné integrované 
610 2 0 |a GIS 
610 2 0 |a systémy informačné geografické 
610 2 0 |a VÚPOP Bratislava 
610 2 0 |a báza dát 
610 2 0 |a systémy databázové 
610 2 0 |a subsidiarita 
610 2 0 |a pôda poľnohospodárska 
610 2 0 |a dotácie 
100 1 |a Ilavská, Blanka 
700 1 |a Lazúr, R.